| 000 | 00591cam a2200217ua 4500 | ||
|---|---|---|---|
| 020 | _c80.00 | ||
| 041 |
_aeng _h |
||
| 082 |
_a510.1 _bVIJ/MA |
||
| 100 | _aVijayalakshmi, V G . | ||
| 245 |
_aFirst year BSc main mathematics, Paper 1 / _cV G Vijayalakshmi. _hTextual Documents |
||
| 250 |
_a1 / _b. |
||
| 260 |
_aOttapalam : _bAjith book centre , _c1966. |
||
| 300 | _a459 ; . | ||
| 365 | _a80.00 | ||
| 440 | 0 |
_aABC Companian Series, _v _x; |
|
| 490 | 0 |
_aABC Companian Series, _v _x; |
|
| 504 | _a | ||
| 700 | 1 | _aJanardhanan Pillai, C.P. | |
| 942 | _cBK | ||
| 999 |
_c9890 _d9890 |
||